| 000 | 00770nam a22001937a 4500 | ||
|---|---|---|---|
| 999 |
_c7165 _d7165 |
||
| 003 | AR-CdUCM | ||
| 008 | 190320b ||||| |||| 00| 0 spa d | ||
| 040 |
_aMUNICIPALIDAD PROVINCIAL DEL CUSCO _cBIBLIOTECA MUNICIPAL DEL CUSCO |
||
| 082 |
_a617 / _bP98 |
||
| 100 |
_aPuma, Rudolf _920201 |
||
| 245 | _asalud dental para todos | ||
| 300 |
_a236 paginas ; _bIlustraciones, _c21 cm. |
||
| 505 | _aGénesis de la caries dental osea -- Vida en armonía natural y salud dental autentica -- Vida en armonía social -- Dominio de nuestra psicología y salud dental duradera -- Vida en armonía universal y salud dental perfecta. | ||
| 650 |
_aOdontología _919616 |
||
| 650 |
_aSalud dental _920202 |
||
| 650 |
_aCaries dental _920203 |
||
| 942 |
_2ddc _cLIBROS |
||
| 945 | _awnts | ||